00720nai a2200181Ia 4500003000900000008004100009022002200050040001600072245006500088260008600153310001300239362003600252521006900288650004000357650003400397650001400431856009300445IN-BaIIA211028c9999 xx s 000 0 eng d a0096-2538 (Print) cIIA Library 0aIRE Transactions on Telemetry and Remote Controlh[eJournal] aNew York, USAbThe Institute of Electrical and Electronics Engineers, Inc. (IEEE) aAnnually aTRC-1(1); 1955 - TRC-4(1); 1958 bSubscribed through National Knowledge Resource Consortium (NKRC) a Fields, Waves and Electromagnetics a Robotics and Control Systems aAerospace uhttps://ieeexplore.ieee.org/servlet/opac?punumber=6459057yClick Here to Access eJournal